000
00245nam a2200085Ia 4500
008
220204s9999 xx 000 0 und d
082
_a
331:334.744.2(540)
_b
CON;1
245
0
_a
Conference of chief inspectors of factories recommendations
942
_c
BK
999
_c
22041
_d
22041